| 000 | 00721nam a2200229 a 4500 | ||
|---|---|---|---|
| 001 | 000043777 | ||
| 005 | 20240509192332.0 | ||
| 008 | 140428s2003 dr 000 0 spa d | ||
| 040 |
_aDO-SdBNP _bspa _cBNPHU |
||
| 082 |
_a306.81 _bA561m |
||
| 100 | 1 |
_aAndrés, Mateo _97205 |
|
| 245 | 1 | 0 |
_aMatrimonio y mundo mejor : _bcuatro retiros a matrimonios / _cMateo Andrés. |
| 260 |
_aSanto Domingo : _bEdiciones MSC, _c2003. |
||
| 300 |
_a204 p. ; _c22 cm. |
||
| 490 | 1 |
_aLuz _v18 |
|
| 590 | _aInventariado,2018/DG | ||
| 650 | 0 |
_aMatrimonio _9797 |
|
| 650 | 4 |
_aMatrimonio _xAspectos morales _943277 |
|
| 650 | 4 |
_aMatrimonio _xAspectos religiosos _92391 |
|
| 830 | 0 |
_aLuz _n18 _971617 |
|
| 910 | _aValidado. Control de calidad MFF | ||
| 999 |
_c43266 _d43266 |
||